| 000 | 00418nam a2200145 i 4500 | ||
|---|---|---|---|
| 001 | 36397 | ||
| 003 | ES-MaACL | ||
| 007 | t| | ||
| 008 | 030218s1943 ag ||||1| spa d | ||
| 100 | 1 |
_aBuie, Louis A. _932454 |
|
| 245 | 1 | 0 |
_aProctología práctica / _cpor Louis A. Buie. |
| 260 |
_aBuenos Aires : _bSalvat, _c1943 ( _fLópez) |
||
| 300 |
_aXIX, 508 p., 2 lám. : _bil. ; _c24 cm. |
||
| 852 |
_aES-MaACL _jE-20 _bR.21249 |
||
| 999 |
_c36397 _d36397 |
||